Spell the Marvel Character #277 - Statistics

General Stats
  • This quiz has been taken 12 times
  • The average score is 10 of 13
Answer Stats
Picture Answer % Correct
Elektra
100%
Emma Frost
100%
Elsa Bloodstone
91%
Invisible Woman
91%
Ms. Marvel
91%
Namor the Sub-Mariner
91%
Spectrum
82%
Valkyrie
82%
Outlaw
73%
U-Go Girl
73%
Loa
55%
Venus Dee Milo
55%
Dominic Fortune
45%
No matching quizzes found
Score Distribution
Percent of People with Each Score
Percentile by Number Answered
Your Score History
You have not taken this quiz